000 00744nam a2200253Ia 4500
003 OSt
005 20220926014515.0
006 a|||||r|||| 00| 0
007 ta
008 220923b |||||||| |||| 00| 0 eng d
037 _cGeneral Book
040 _aRTL
_cRTL
_beng
041 _2eng
_aeng
082 _aT:3(D6,9(B), K7
100 _aGerard R W Ed.
_9139678
245 0 _aComputers and education
_b A workshop conference at
260 _aNew York
_bMcGraw-Hill
_c1967
300 _axxi,307p.
_ccm.
650 _a Education
650 _aTeaching Techniques
_9234490
700 _a Miller J G Ed.
_9320742
942 _hT:3(D6,9(B), K7
_cGB
_2CC
999 _c629204
_d629204